Top Fast Food Chains A-Z Quiz Stats

 Plays Quiz Updated Apr 6, 2018

Challenge
Share
Tweet
Embed
Score 0/19 Timer 06:00
0 Plays Today
Fast Food Chain % Correct
MMcDonald's, Moe's Southwest Grill, McAlister's Deli
95.3%
BBurger King, Bojangles', Boston Market, Baskin-Robbins
95.2%
WWendy's, Whataburger, Wingstop, White Castle
81.8%
TTaco Bell, Tim Hortons
80.3%
AArby's, Auntie Anne's
77.4%
DDunkin' Donuts, Domino's Pizza, Dairy Queen, Del Taco
77.2%
SStarbucks, Subway, Sonic Drive-In, Steak 'n Shake
72.1%
KKFC
66.1%
PPizza Hut, Panera Bread, Popeyes Louisiana Kitchen, Papa John's, Panda Express, Papa Murphy's
65.6%
CChick fil-A, Chipotle, Carl's Jr, Culver's, Checkers (Rally's), Church's Chicken, Captain D's
62.5%
Fast Food Chain % Correct
QQdoba Mexican Eats
61.3%
IIn-n-Out Burger
46.1%
JJack in the Box, Jimmy John's, Jersey Mike's Subs, Jason's Deli, Jamba Juice
46%
LLittle Caesars
43%
HHardee's
37.3%
FFive Guys, Firehouse Subs
31.2%
ZZaxby's
19.9%
EEl Pollo Loco
10.3%
NNoodles & Company
6.5%

You're not logged in!

Compare scores with friends on all Sporcle quizzes.
OR
Log In

You Might Also Like...

Show Comments

Extras

Top Quizzes Today


Score Distribution

Your Account Isn't Verified!

In order to create a playlist on Sporcle, you need to verify the email address you used during registration. Go to your Sporcle Settings to finish the process.

Report this User

Report this user for behavior that violates our Community Guidelines.

Details: